[Event "Collado Villalba op 39th"]
[Site "Collado Villalba"]
[Date "2022.08.27"]
[Round "8"]
[White "Orta Vazquez, Mario"]
[Black "Gamboa Ondono, Jesus"]
[Result "1/2-1/2"]
[WhiteElo "1346"]
[BlackElo "1769"]
[PlyCount "41"]
[EventDate "2022.08.20"]
[EventType "swiss"]
[EventRounds "9"]
[EventCountry "ESP"]
[SourceTitle "EXT 2023"]
[Source "ChessBase"]
[SourceDate "2022.10.05"]
[SourceVersion "1"]
[SourceVersionDate "2022.10.05"]
[SourceQuality "1"]

1. Nf3 d5 2. c4 e6 3. e3 Nf6 4. Be2 Bd6 5. d4 c6 6. c5 Bc7 7. Nc3 0-0 8. 0-0 Nbd7 9. b4 e5 10. dxe5 Nxe5 11. Nxe5 Bxe5 12. Bb2 Qe7 13. Qc2 Re8 14. Rfe1 g6 15. Rad1 Bg4 16. h3 Bd7 17. Bf3 Rad8 18. Ne2 Bf5 19. Qc1 Be4 20. Bxe5 Qxe5 21. Nd4 1/2-1/2

[Event "Collado Villalba Grupo Gallinero op 1st"]
[Site "Collado Villalba"]
[Date "2022.08.16"]
[Round "8"]
[White "Temes Alonso, Eduardo"]
[Black "Gamboa Ondono, Jesus"]
[Result "1-0"]
[WhiteElo "1463"]
[BlackElo "1769"]
[PlyCount "85"]
[EventDate "2022.08.12"]
[EventType "swiss"]
[EventRounds "9"]
[EventCountry "ESP"]
[SourceTitle "CBM 210 Extra"]
[Source "ChessBase"]
[SourceDate "2022.11.30"]
[SourceVersion "1"]
[SourceVersionDate "2022.11.30"]
[SourceQuality "1"]

1. e4 e5 2. Nf3 Nc6 3. Bb5 a6 4. Ba4 Nf6 5. 0-0 Be7 6. Re1 d6 7. c3 Bg4 8. d3 h6 9. Nbd2 Nd7 10. h3 Bh5 11. Nf1 Nc5 12. Bc2 Ne6 13. Ng3 Bxf3 14. Qxf3 Bg5 15. d4 exd4 16. Bb3 0-0 17. Nf5 Qf6 18. Qg4 Ne5 19. Qg3 Bxc1 20. Raxc1 d3 21. Rcd1 Qg5 22. Kh2 Qxg3+ 23. Kxg3 Nc5 24. f4 Nc6 25. Bc4 a5 26. Bxd3 Nxd3 27. Rxd3 Rfe8 28. Kf3 Ne7 29. Nd4 Ng6 30. g4 Rad8 31. Re2 Nh4+ 32. Kg3 Ng6 33. c4 f6 34. Nb5 Rd7 35. h4 Kf7 36. h5 Nf8 37. a3 Ne6 38. b4 axb4 39. axb4 Ra8 40. e5 Nxf4 41. Kxf4 fxe5+ 42. Kg3 Kg8 43. Rxe5 1-0

[Event "Collado Villalba Grupo Gallinero op 1st"]
[Site "Collado Villalba"]
[Date "2022.08.14"]
[Round "5"]
[White "Moreno Sabroso, Ruben"]
[Black "Gamboa Ondono, Jesus"]
[Result "0-1"]
[WhiteElo "1457"]
[BlackElo "1769"]
[PlyCount "78"]
[EventDate "2022.08.12"]
[EventType "swiss"]
[EventRounds "9"]
[EventCountry "ESP"]
[SourceTitle "CBM 210 Extra"]
[Source "ChessBase"]
[SourceDate "2022.11.30"]
[SourceVersion "1"]
[SourceVersionDate "2022.11.30"]
[SourceQuality "1"]

1. e4 g6 2. d4 Bg7 3. Nf3 d6 4. Bc4 c6 5. Nc3 Nf6 6. 0-0 b5 7. Bd3 Bg4 8. h3 Bxf3 9. Qxf3 0-0 10. Re1 e5 11. dxe5 dxe5 12. Bg5 Nbd7 13. a3 Nc5 14. Rad1 Qe7 15. Bf1 Ne6 16. Be3 a5 17. Na2 Qb7 18. Rd2 Nd7 19. c4 b4 20. a4 Nd4 21. Qd1 Nc5 22. Bxd4 exd4 23. e5 Ne6 24. b3 Bh6 25. Rd3 Rad8 26. g3 Nc5 27. Rf3 Qc7 28. Nc1 Rfe8 29. Nd3 Nxd3 30. Rxd3 Rxe5 31. Rxd4 Rxd4 32. Qxd4 Rxe1 33. Kg2 Qe7 34. Bd3 Rd1 35. Qe4 Qxe4+ 36. Bxe4 c5 37. Kf3 Kf8 38. Ke2 Rd2+ 39. Kf3 f5 0-1

[Event "Collado Villalba op-A 36th"]
[Site "Collado Villalba"]
[Date "2019.08.28"]
[Round "6"]
[White "Andrade Sandoval, Bianca"]
[Black "Gamboa Ondono, Jesus"]
[Result "1-0"]
[WhiteElo "1865"]
[BlackElo "1782"]
[PlyCount "49"]
[EventDate "2019.08.23"]
[EventType "swiss"]
[EventRounds "9"]
[EventCountry "ESP"]
[SourceTitle "CBM 192 Extra"]
[Source "Chessbase"]
[SourceDate "2019.11.06"]
[SourceVersion "1"]
[SourceVersionDate "2019.11.06"]
[SourceQuality "1"]

1. d4 Nf6 2. Bf4 e6 3. Nf3 c5 4. e3 Qb6 5. Na3 d5 6. Nb5 Na6 7. a4 Qa5+ 8. c3 c4 9. Ne5 Bd7 10. Nxd7 Kxd7 11. Be2 Ne4 12. f3 Nd6 13. b3 Nxb5 14. axb5 Qxc3+ 15. Kf2 Nb4 16. bxc4 Bd6 17. Bxd6 Kxd6 18. c5+ Ke7 19. Rb1 Qa3 20. Rb3 Qa5 21. Qe1 Nd3+ 22. Rxd3 Qxb5 23. Qb1 Qc6 24. Rb3 Rab8 25. Qa2 1-0

[Event "Collado Villalba op-A 36th"]
[Site "Collado Villalba"]
[Date "2019.08.24"]
[Round "2"]
[White "Martin Martin, Luis Vicente"]
[Black "Gamboa Ondono, Jesus"]
[Result "0-1"]
[WhiteElo "1957"]
[BlackElo "1782"]
[PlyCount "59"]
[EventDate "2019.08.23"]
[EventType "swiss"]
[EventRounds "9"]
[EventCountry "ESP"]
[SourceTitle "CBM 192 Extra"]
[Source "Chessbase"]
[SourceDate "2019.11.06"]
[SourceVersion "1"]
[SourceVersionDate "2019.11.06"]
[SourceQuality "1"]

1. e4 e5 2. Nf3 Nc6 3. Bb5 a6 4. Ba4 Nf6 5. d4 exd4 6. e5 Ne4 7. 0-0 Nc5 8. Bxc6 dxc6 9. Nxd4 Ne6 10. Nxe6 Bxe6 11. Qe2 Qh4 12. f4 0-0-0 13. Be3 Bg4 14. Qc4 Be6 15. Qc3 g5 16. Nd2 gxf4 17. Rxf4 Qh5 18. Raf1 Rg8 19. R4f2 Qg4 20. Bf4 Bd5 21. g3 h5 22. Qe3 b6 23. Qe2 Bc5 24. Be3 Qxe2 25. Rxe2 Bxe3+ 26. Rxe3 Bxa2 27. Ne4 Be6 28. h4 Bc4 29. Rf4 Rd1+ 30. Kf2 0-1

[Event "Collado Villalba 64 op 7th"]
[Site "Collado Villalba"]
[Date "2019.08.03"]
[Round "8"]
[White "Gamboa Ondono, Jesus"]
[Black "Lopez Rodriguez, Guillermo"]
[Result "1-0"]
[WhiteElo "1782"]
[BlackElo "1570"]
[PlyCount "65"]
[EventDate "2019.07.29"]
[EventType "swiss"]
[EventRounds "9"]
[EventCountry "ESP"]
[SourceTitle "CBM 195 Extra"]
[Source "ChessBase"]
[SourceDate "2020.05.31"]
[SourceVersion "1"]
[SourceVersionDate "2020.05.31"]
[SourceQuality "1"]

1. d4 Nf6 2. c4 e5 3. dxe5 Ng4 4. Nf3 Nc6 5. h3 Bb4+ 6. Bd2 Bxd2+ 7. Qxd2 Ngxe5 8. Nxe5 Nxe5 9. Qd4 d6 10. Nc3 Bf5 11. 0-0-0 0-0 12. g4 Be6 13. e3 Re8 14. Be2 Qe7 15. f4 Nc6 16. Qd2 Rad8 17. e4 Bc8 18. Bf3 Qh4 19. Rdg1 Qh6 20. Nd5 Ne7 21. Nxc7 Rf8 22. g5 Qh4 23. f5 Nxf5 24. Rg4 Qh5 25. exf5 Bxf5 26. Rg3 Qg6 27. h4 Be4 28. Nd5 Bxd5 29. Bxd5 Rfe8 30. Rf3 Re7 31. h5 Re1+ 32. Rxe1 Qxh5 33. Bxf7+ 1-0

[Event "Collado Villalba 64 op 7th"]
[Site "Collado Villalba"]
[Date "2019.08.02"]
[Round "6"]
[White "Gamboa Ondono, Jesus"]
[Black "Hernandez Tadeo, Gabriel"]
[Result "1-0"]
[WhiteElo "1782"]
[BlackElo "1343"]
[PlyCount "51"]
[EventDate "2019.07.29"]
[EventType "swiss"]
[EventRounds "9"]
[EventCountry "ESP"]
[SourceTitle "CBM 195 Extra"]
[Source "ChessBase"]
[SourceDate "2020.05.31"]
[SourceVersion "1"]
[SourceVersionDate "2020.05.31"]
[SourceQuality "1"]

1. d4 Nf6 2. c4 e6 3. Nc3 Bb4 4. Qc2 c5 5. a3 Bxc3+ 6. bxc3 cxd4 7. cxd4 0-0 8. e4 d5 9. cxd5 exd5 10. e5 Ne4 11. Bd3 f5 12. Nf3 Nc6 13. 0-0 Bd7 14. Qb3 Bc8 15. Be3 Qa5 16. Rfc1 f4 17. Bxe4 fxe3 18. Bxd5+ Kh8 19. fxe3 Ne7 20. Be4 Rd8 21. Ng5 Rf8 22. Nf7+ Kg8 23. Ng5+ Kh8 24. Nxh7 Rd8 25. Qf7 Nd5 26. Qh5 1-0

[Event "Collado Villalba op-B 35th"]
[Site "Collado Villalba"]
[Date "2018.09.01"]
[Round "9"]
[White "Gamboa Ondono, Jesus"]
[Black "Gonzalez Pinar, Adrian"]
[Result "1-0"]
[WhiteElo "1749"]
[BlackElo "1593"]
[PlyCount "55"]
[EventDate "2018.08.24"]
[EventType "swiss"]
[EventRounds "9"]
[EventCountry "ESP"]
[SourceTitle "CBM 186 Extra"]
[Source "ChessBase"]
[SourceDate "2018.08.24"]
[SourceVersion "1"]
[SourceVersionDate "2018.08.24"]
[SourceQuality "1"]

1. d4 e6 2. c4 Nf6 3. Nf3 d5 4. Nc3 Bb4 5. e3 0-0 6. Bd3 Nbd7 7. Qc2 dxc4 8. Bxc4 c5 9. 0-0 cxd4 10. exd4 Nb6 11. Bb3 Bd7 12. Bg5 a5 13. a3 Bxc3 14. Qxc3 h6 15. Bh4 Bb5 16. Rfe1 Rc8 17. Qxa5 Bc6 18. Ne5 Qxd4 19. Bxf6 gxf6 20. Rad1 Qxb2 21. Ng4 Nd5 22. Rd3 Nf4 23. Rg3 Kh7 24. Qb4 Ne2+ 25. Rxe2 Qxe2 26. Nxf6+ Kh8 27. h3 Rg8 28. Qf4 1-0

[Event "Collado Villalba 64 op 6th"]
[Site "Collado Villalba"]
[Date "2018.07.13"]
[Round "7"]
[White "Gali Gambero, Joaquin"]
[Black "Gamboa Ondono, Jesus"]
[Result "0-1"]
[WhiteElo "1472"]
[BlackElo "1745"]
[PlyCount "103"]
[EventDate "2018.07.08"]
[EventType "swiss"]
[EventRounds "7"]
[EventCountry "ESP"]
[SourceTitle "EXT 2019"]
[Source "ChessBase"]
[SourceDate "2018.10.10"]
[SourceVersion "1"]
[SourceVersionDate "2018.10.10"]
[SourceQuality "1"]

1. Nf3 d5 2. c4 e6 3. g3 Nf6 4. Bg2 Bd6 5. 0-0 0-0 6. b3 c5 7. cxd5 exd5 8. Bb2 Nc6 9. e3 Bg4 10. d4 cxd4 11. exd4 Qb6 12. h3 Bh5 13. g4 Nxg4 14. hxg4 Bxg4 15. Nc3 Ne7 16. Ne2 Bc7 17. Ba3 Rfe8 18. Bxe7 Rxe7 19. Ng3 Qf6 20. Qd3 Rae8 21. Rae1 Be6 22. Ne5 Qf4 23. Qf3 Qxd4 24. Qe3 Qh4 25. Nf3 Qf6 26. Qg5 Qxg5 27. Nxg5 Rd7 28. Nxe6 fxe6 29. Rd1 d4 30. Bxb7 Red8 31. Rfe1 Bxg3 32. fxg3 Rxb7 33. Rxe6 Kf7 34. Re2 d3 35. Red2 Rbd7 36. Kf2 Kf6 37. Kf3 h5 38. b4 Rd5 39. a3 g5 40. Kg2 Kf5 41. Rf1+ Ke4 42. Re1+ Kd4 43. Red1 Ke3 44. Rf2 d2 45. Kf1 Rd3 46. Re2+ Kf3 47. Rg2 h4 48. gxh4 gxh4 49. Kg1 h3 50. Rh2 Kg3 51. Re2 Rc8 52. Rexd2 0-1

[Event "Collado Villalba 64 op 6th"]
[Site "Collado Villalba"]
[Date "2018.07.12"]
[Round "6"]
[White "Gamboa Ondono, Jesus"]
[Black "Mejias Gonzalez, Pedro"]
[Result "1/2-1/2"]
[WhiteElo "1745"]
[BlackElo "1543"]
[PlyCount "83"]
[EventDate "2018.07.08"]
[EventType "swiss"]
[EventRounds "7"]
[EventCountry "ESP"]
[SourceTitle "EXT 2019"]
[Source "ChessBase"]
[SourceDate "2018.10.10"]
[SourceVersion "1"]
[SourceVersionDate "2018.10.10"]
[SourceQuality "1"]

1. c4 c5 2. Nc3 Nc6 3. g3 e5 4. Bg2 Nf6 5. e4 d6 6. Nge2 Nd4 7. 0-0 Be7 8. d3 0-0 9. f4 Bg4 10. h3 Bxe2 11. Nxe2 Nxe2+ 12. Qxe2 h6 13. f5 Nd7 14. h4 Nb8 15. Qh5 Kh7 16. Bh3 Nc6 17. Be3 Nd4 18. Rf2 Bf6 19. Rg2 Qe7 20. Rf1 Rh8 21. Qd1 Kg8 22. Bg4 a5 23. a4 Qc7 24. Bh5 Qe7 25. Qe1 b6 26. Rh2 Rf8 27. g4 Qc7 28. g5 hxg5 29. hxg5 Bd8 30. g6 fxg6 31. Bxg6 Rxh2 32. Kxh2 Qe7 33. Kh3 Nc2 34. Qg3 Nxe3 35. Qxe3 Qh4+ 36. Kg2 Bg5 37. Qh3 Qxh3+ 38. Kxh3 Bh6 39. Kg4 Rf6 40. Rh1 Kf8 41. Kf3 Ke7 42. b3 1/2-1/2

[Event "Collado Villalba 64 op 6th"]
[Site "Collado Villalba"]
[Date "2018.07.10"]
[Round "4"]
[White "Gamboa Ondono, Jesus"]
[Black "Alvarez Gonzalez, Eduardo"]
[Result "1/2-1/2"]
[WhiteElo "1745"]
[BlackElo "1829"]
[PlyCount "160"]
[EventDate "2018.07.08"]
[EventType "swiss"]
[EventRounds "7"]
[EventCountry "ESP"]
[SourceTitle "EXT 2019"]
[Source "ChessBase"]
[SourceDate "2018.10.10"]
[SourceVersion "1"]
[SourceVersionDate "2018.10.10"]
[SourceQuality "1"]

1. c4 e5 2. g3 Nf6 3. Bg2 Nc6 4. Nc3 Bb4 5. a3 Bxc3 6. dxc3 d6 7. e4 0-0 8. b4 Qe7 9. Ne2 Be6 10. Qd3 Nd7 11. Be3 f6 12. 0-0 Rfd8 13. f4 Qf7 14. Rfe1 Bxc4 15. Qc2 Nb6 16. a4 Bb3 17. Qb1 exf4 18. gxf4 Re8 19. Ng3 Be6 20. b5 Na5 21. Qb4 Nbc4 22. f5 Bd7 23. Bd4 Rad8 24. Bf1 b6 25. Rad1 Ne5 26. Bg2 Bc8 27. Ne2 Qc4 28. Qb1 Nb3 29. Bf1 Nf3+ 30. Kf2 Nfd2 31. Nc1 Qf7 32. Qc2 Nxc1 33. Rxd2 Nb3 34. Rdd1 Kf8 35. Rd3 Bb7 36. Rg3 Ke7 37. Bc4 Qxc4 38. Rxg7+ Kf8 39. Reg1 Nxd4 40. Rg8+ Qxg8 41. Rxg8+ Kxg8 42. cxd4 Rd7 43. Qc4+ Kg7 44. e5 dxe5 45. dxe5 Rxe5 46. Qg4+ Kh8 47. Qf4 Rdd5 48. Qh6 Rxf5+ 49. Ke3 Rde5+ 50. Kd4 Re4+ 51. Kd3 Rf3+ 52. Kd2 Rd4+ 53. Ke2 Rd8 54. Qh5 Rf8 55. Ke1 Be4 56. Ke2 f5 57. Qh6 Rf7 58. Qg5 Rd3 59. h4 Rdd7 60. h5 Rg7 61. Qf6 Kg8 62. Qe6+ Rdf7 63. Qe8+ Rf8 64. Qe6+ Rgf7 65. Ke3 Kh8 66. Qe5+ Rf6 67. Qxc7 R8f7 68. Qd8+ Kg7 69. Kf4 Kh6 70. Qd2 Rg7 71. Ke5+ Kxh5 72. Kxf6 Rg4 73. Qh2+ Rh4 74. Qe2+ Rg4 75. Qa2 Rg6+ 76. Ke5 Rg7 77. Qh2+ Kg6 78. Ke6 h5 79. Qg3+ Kh6 80. Qf4+ Kh7 1/2-1/2

[Event "Collado Villalba op-B 34th"]
[Site "Collado Villalba"]
[Date "2017.08.27"]
[Round "6"]
[White "Sanz Toledano, Alfonso"]
[Black "Gamboa Ondono, Jesus"]
[Result "0-1"]
[WhiteElo "1818"]
[BlackElo "1772"]
[PlyCount "92"]
[EventDate "2017.08.22"]
[EventType "swiss"]
[EventRounds "9"]
[EventCountry "ESP"]
[SourceTitle "CBM 180 Extra"]
[Source "ChessBase"]
[SourceDate "2017.10.06"]
[SourceVersion "1"]
[SourceVersionDate "2017.10.06"]
[SourceQuality "1"]

1. d4 Nf6 2. Nf3 e6 3. Bg5 d5 4. c4 Be7 5. Nc3 b6 6. e3 0-0 7. Qc2 Bb7 8. cxd5 Nxd5 9. Nxd5 exd5 10. Bf4 Bb4+ 11. Nd2 c5 12. Bd3 Bxd2+ 13. Qxd2 c4 14. Be2 Re8 15. 0-0 Nd7 16. Qc2 Nf6 17. Bg5 b5 18. Bf3 Qb6 19. Bxf6 Qxf6 20. b3 Rab8 21. Qc3 Qb6 22. a4 b4 23. Qc2 c3 24. Rfe1 a5 25. Rac1 Rbd8 26. Be2 g6 27. Bd3 Bc6 28. Ra1 Bd7 29. Qe2 Qf6 30. Rec1 Rb8 31. Ra2 Qg5 32. Qf3 h5 33. h3 h4 34. Kh2 Rb6 35. Rg1 Rf6 36. Qe2 Bf5 37. Bxf5 Qxf5 38. Rf1 Qe4 39. Rc2 Rf5 40. Re1 Rg5 41. Rg1 f5 42. f4 Rg3 43. Re1 Rxe3 44. Qxe3 Qxe3 45. Rxe3 Rxe3 46. g3 Rd3 0-1

[Event "Collado Villalba op-B 34th"]
[Site "Collado Villalba"]
[Date "2017.08.26"]
[Round "5"]
[White "Gamboa Ondono, Jesus"]
[Black "Martin Garcia, Francisco Javier"]
[Result "1-0"]
[WhiteElo "1772"]
[BlackElo "1570"]
[PlyCount "77"]
[EventDate "2017.08.22"]
[EventType "swiss"]
[EventRounds "9"]
[EventCountry "ESP"]
[SourceTitle "CBM 180 Extra"]
[Source "ChessBase"]
[SourceDate "2017.10.06"]
[SourceVersion "1"]
[SourceVersionDate "2017.10.06"]
[SourceQuality "1"]

1. d4 Nf6 2. Nf3 g6 3. c4 Bg7 4. Nc3 d5 5. e3 0-0 6. Be2 c5 7. 0-0 Nc6 8. dxc5 dxc4 9. Bxc4 Qa5 10. Qb3 Qxc5 11. Na4 Qa5 12. Bd2 Qc7 13. Rac1 Qb8 14. Ng5 Ne5 15. Nc5 Nxc4 16. Qxc4 h6 17. Nf3 b6 18. Na6 Bxa6 19. Qxa6 Ne4 20. Bb4 Bf6 21. b3 Rc8 22. Nd4 Bxd4 23. exd4 Nd6 24. Rfe1 Rxc1 25. Rxc1 Qd8 26. d5 Nf5 27. Qb7 Qb8 28. Qc6 Nd4 29. Qc4 Nf5 30. g4 Nd6 31. Qf4 g5 32. Qe5 Qd8 33. Bc3 f6 34. Qe6+ Kf8 35. Bb4 Kg7 36. Rc6 Rc8 37. Bxd6 Rxc6 38. dxc6 exd6 39. Qd7+ 1-0

[Event "Collado Villalba op-B 34th"]
[Site "Collado Villalba"]
[Date "2017.08.23"]
[Round "2"]
[White "Benito Alba, Eladio"]
[Black "Gamboa Ondono, Jesus"]
[Result "1/2-1/2"]
[WhiteElo "1619"]
[BlackElo "1772"]
[PlyCount "53"]
[EventDate "2017.08.22"]
[EventType "swiss"]
[EventRounds "9"]
[EventCountry "ESP"]
[SourceTitle "CBM 180 Extra"]
[Source "ChessBase"]
[SourceDate "2017.10.06"]
[SourceVersion "1"]
[SourceVersionDate "2017.10.06"]
[SourceQuality "1"]

1. d4 Nf6 2. c4 e6 3. Nc3 d5 4. Bg5 Be7 5. e3 b6 6. Nf3 Bb7 7. cxd5 exd5 8. Bd3 0-0 9. 0-0 Nbd7 10. Qc2 Ne4 11. Bxe7 Qxe7 12. Rac1 c5 13. b3 Rac8 14. Qb2 a6 15. Ne2 f5 16. Ne1 Nd6 17. Nf3 c4 18. Bb1 g5 19. Ne5 b5 20. f4 g4 21. Ng3 Qe6 22. Rfe1 Nf6 23. Re2 Nfe4 24. Bxe4 Nxe4 25. Nxe4 fxe4 26. g3 Bc6 27. a3 1/2-1/2

[Event "Collado Villalba op-B 34th"]
[Site "Collado Villalba"]
[Date "2017.08.22"]
[Round "1"]
[White "Gamboa Ondono, Jesus"]
[Black "Picazo Sancho, Carolina"]
[Result "1-0"]
[WhiteElo "1772"]
[BlackElo "1486"]
[PlyCount "45"]
[EventDate "2017.08.22"]
[EventType "swiss"]
[EventRounds "9"]
[EventCountry "ESP"]
[SourceTitle "CBM 180 Extra"]
[Source "ChessBase"]
[SourceDate "2017.10.06"]
[SourceVersion "1"]
[SourceVersionDate "2017.10.06"]
[SourceQuality "1"]

1. d4 g6 2. c4 Nf6 3. Nc3 Bg7 4. e4 d6 5. Bd3 0-0 6. Bg5 c5 7. d5 e6 8. Nge2 a6 9. Qd2 Qe8 10. 0-0 Nbd7 11. f4 exd5 12. exd5 Nb6 13. Rae1 Qd7 14. Ng3 Qc7 15. f5 gxf5 16. Bh6 Bxh6 17. Qxh6 Ng4 18. Qg5+ Kh8 19. Re7 Qd8 20. Nxf5 Rg8 21. Qh4 Qf8 22. Nxd6 Rg7 23. Nxf7+ 1-0

[Event "Collado Villalba 64 op 4th"]
[Site "Collado Villalba"]
[Date "2016.07.23"]
[Round "8"]
[White "Lopez de Turiso, Jose Angel"]
[Black "Gamboa Ondono, Jesus"]
[Result "1-0"]
[WhiteElo "2074"]
[BlackElo "1752"]
[PlyCount "85"]
[EventDate "2016.07.17"]
[EventType "swiss"]
[EventRounds "9"]
[EventCountry "ESP"]
[SourceTitle "EXT 2017"]
[Source "ChessBase"]
[SourceDate "2016.10.25"]
[SourceVersion "1"]
[SourceVersionDate "2016.10.25"]
[SourceQuality "1"]

1. e4 e5 2. f4 exf4 3. Bc4 d5 4. Bxd5 Nf6 5. Nf3 Nxd5 6. exd5 Qxd5 7. 0-0 Be6 8. d4 Nc6 9. Bxf4 0-0-0 10. c3 Bd6 11. Bxd6 Rxd6 12. Nbd2 Bg4 13. Qa4 Bxf3 14. Nxf3 f6 15. c4 Qe4 16. Rae1 Qd3 17. d5 Ne5 18. Qxa7 Ra6 19. Qc5 Qxc4 20. Qe7 Nxf3+ 21. Rxf3 Qxd5 22. Qxg7 Rg8 23. Qxh7 Kb8 24. a3 Rd6 25. Rf2 Ka7 26. Qc2 Kb8 27. Rc1 c6 28. Re1 Qd4 29. Qb3 Rg7 30. Qf3 Rg5 31. Re8+ Kc7 32. h3 Rb5 33. b4 Rbd5 34. Re7+ Kb8 35. Qg3 Qd1+ 36. Kh2 Rd3 37. Qg7 Rd7 38. Rxd7 Rxd7 39. Qf8+ Ka7 40. Rxf6 Qd4 41. Rf3 Qe5+ 42. Qf4 Qe6 43. Qe3+ 1-0

[Event "Collado Villalba 64 op 4th"]
[Site "Collado Villalba"]
[Date "2016.07.19"]
[Round "3.10"]
[White "Gamboa Ondono, Jesus"]
[Black "Charles Soria, Alberto"]
[Result "1-0"]
[WhiteElo "1752"]
[BlackElo "1553"]
[PlyCount "39"]
[EventDate "2016.07.17"]
[EventType "swiss"]
[EventRounds "9"]
[EventCountry "ESP"]
[SourceTitle "EXT 2017"]
[Source "ChessBase"]
[SourceDate "2016.10.25"]
[SourceVersion "1"]
[SourceVersionDate "2016.10.25"]
[SourceQuality "1"]

1. d4 g6 2. c4 Bg7 3. Nc3 Nf6 4. e4 d6 5. f3 0-0 6. Be3 c5 7. d5 e6 8. Qd2 exd5 9. exd5 Re8 10. 0-0-0 a6 11. Nge2 Qa5 12. Bh6 Bh8 13. Ng3 Bd7 14. Bd3 b5 15. Kb1 b4 16. Nce4 Nxe4 17. Nxe4 Qb6 18. Qf4 Be5 19. Nf6+ Kh8 20. Qh4 1-0